| 000 | 01004nac a22003131u 4500 | ||
|---|---|---|---|
| 003 | EG-ScBUE | ||
| 005 | 20211117100434.0 | ||
| 008 | 200219s2002 enk f 000 1 eng d | ||
| 020 | _a0099421933 | ||
| 020 | _a978009942193 | ||
| 035 | _a(UkLWHE)b000102790 | ||
| 040 |
_aEG-ScBUE _beng _erda _cEG-ScBUE _dEG-ScBUE |
||
| 082 | 0 | 4 |
_a823.914 _bMOG _222 |
| 100 | 1 |
_aMoggach, Deborah, _eauthor. |
|
| 245 | 1 | 0 |
_aFinal demand / _cDeborah Moggach. |
| 264 | 1 |
_aLondon : _bVintage, _c2002. |
|
| 300 |
_a224 pages ; _c23 cm |
||
| 336 |
_2rdacontent _atext _btxt |
||
| 337 |
_2rdamedia _aunmediated _bn |
||
| 338 |
_2rdacarrier _avolume _bnc |
||
| 650 | 7 |
_aLife change events _vFiction. _2BUEsh |
|
| 650 | 7 |
_aTemptation _vFiction. _2BUEsh |
|
| 650 | 7 |
_aMan-woman relationships _vFiction. _2BUEsh _935180 |
|
| 651 | _2BUEsh | ||
| 653 |
_bHHUUEENN _cNovember2021 |
||
| 655 |
_vReading book _934232 |
||
| 856 | 4 | 1 |
_3Sample text _uhttp://www.loc.gov/catdir/samples/random052/2002318407.html |
| 942 |
_cBB _2ddc |
||
| 999 |
_c1662 _d1662 |
||